Top 10 miast w woj. Zachodniopomorskim - Statystyki

Ogólne statystyki
  • Ten quiz został rozwiązany 19 razy
  • Średni wynik to 8 z 10
Statystyki odpowiedzi
Populacja Nazwa % Poprawnych
2. - 105 143 Koszalin
100%
1. - 387 700 Szczecin
100%
4. - 43 364 Kołobrzeg
94%
6. - 37 421 Szczecinek
88%
5. - 38 728 Świnoujście
82%
9. - 22 300 Białogard
76%
3. - 66 272 Stargard
76%
7. - 30 549 Police
71%
10. - 21 370 Goleniów
65%
8. - 23 422 Wałcz
65%
Nie znaleziono quizów pasujących do podanych kryteriów
Rozkład punktacji
Procent ludzi z każdym wynikiem
Percentyl według liczby udzielonych odpowiedzi
Twoja historia wyników
Nie rozwiązałeś tego quizu